Celtic Sea General Knowledge - Statistics

General Stats
  • This quiz has been taken 51 times
  • The average score is 10 of 13
Answer Stats
Hint Answer % Correct
Bordering Countries Ireland
100%
Bordering Celtic Nations Ireland
100%
Bordering Countries United Kingdom
100%
Bordering Countries France
98%
Bordering Celtic Nations Wales
93%
The Celtic Sea forms part of this ocean Atlantic Ocean
91%
Bordering Celtic Nations Brittany
84%
Bordering Celtic Nations Cornwall
82%
Neighbouring body of water to the East English Channel
75%
Neighbouring gulf to the South Bay of Biscay
61%
Archipelago off the Southwestern peninsular of Great Britain Isles of Scilly
59%
The most westerly point of mainland England Land's End
50%
Island which marks the westernmost point of metropolitan France Ushant
23%
No matching quizzes found
Score Distribution
Percent of People with Each Score
Percentile by Number Answered
Your Score History
You have not taken this quiz